00742nam a2200241 a 4500001001300000003000900013005001700022008004100039020000900080082001700089100002900106245002800135260005300163300000800216500003500224505002400259650004000283700002900323902000800352942000700360952011600367999001700483nice12345678IN_TiNIC20260116013551.0050524s1998 shia grp 000 0 eng  ac6500a297.172bARI aArinze, Francis Cardinal aMeeting Other Believers aShillongbVendrame Missiological Institutec1998 a67p aincludes index and biblioraphy2 aBibliography, Index aInterfaith Dialogue-Christian and o1 aArinze, Francis Cardinal bSRS cBK 001040708StackRoom-aHMIbHMId2007-08-08g65.00l0o297.172 ARIp019207r2007-08-08v65.00w2005-05-24yBK c11504d11504